National Animals of European Countries - Statistics

General Stats
  • This quiz has been taken 90 times
    63 since last reset
  • The average score is 30 of 47
Answer Stats
Country National Animal % Correct
Czech Republic Double-tailed lion
94%
Belgium Lion
94%
Bulgaria Lion
94%
England Lion
94%
Luxembourg Lion
94%
Netherlands Lion
94%
North Macedonia Lion
94%
Norway Lion
94%
Hungary Turul
94%
Austria Black eagle
92%
Germany Black eagle
92%
Finland Brown bear
92%
Russia Brown bear
92%
Slovakia Brown bear
92%
Albania Golden eagle
92%
Poland White eagle
92%
Montenegro Eagle
90%
Italy Grey wolf
76%
Serbia Grey wolf
76%
Estonia Wolf
76%
Malta Pharaoh hound
69%
Bosnia and Herzegovina Tornjak
67%
Scotland Unicorn
65%
Wales Dragon
63%
Spain Bull
61%
Liechtenstein Kestrel
57%
Moldova Auroch
55%
Sweden Moose
53%
Andorra Bruna d'Andorra cow
51%
Greece Dolphin
51%
San Marino Horse
51%
Slovenia Lipizzaner horse
51%
Switzerland Cow
49%
Monaco Hedgehog / Rabbit / Wood mouse
49%
Portugal Barcelo rooster
47%
France Gallic rooster
47%
Iceland Gyrfalcon
41%
Latvia White wagtail
41%
Ireland Irish mountain hare
39%
Kosovo Lynx
37%
Romania Lynx
37%
Vatican City Dove
35%
Denmark Mute swan
35%
Belarus European bison
24%
Croatia Marten
18%
Lithuania White stork
18%
Ukraine Nightingale
6%
No matching quizzes found
Score Distribution
Percent of People with Each Score
Percentile by Number Answered
Your Score History
You have not taken this quiz since the last reset